| 000 | 00637nam a22002177a 4500 | ||
|---|---|---|---|
| 003 | Ost | ||
| 005 | 20260313050237.0 | ||
| 008 | 260313b |||||||| |||| 00| 0 eng d | ||
| 020 | _a9781801818780 | ||
| 040 | _cBT-PhCST | ||
| 050 | _a25769-25771 | ||
| 082 |
_222 _a005.1 _bFRE |
||
| 100 | _aFreeman, James. | ||
| 245 |
_aMastering ansible : _bautomate configuration management and overcome deployment challenges with ansible / |
||
| 250 | _a4th ed. | ||
| 260 |
_aUK : _bPackt Publishing Limited, _cc2021. |
||
| 300 |
_axvii, 521 p. : _bill. ; _c23 cm. |
||
| 500 | _aIncludes index. | ||
| 700 | _aKeating, Jesse. | ||
| 942 |
_2ddc _cIT |
||
| 999 |
_c10201 _d10201 |
||